QUALITY ASSURANCE AND QUALITY MANAGEMENT SYSTEM (Record no. 1221438)

MARC details
000 -LEADER
fixed length control field 00433nam a2200145Ia 4500
008 - FIXED-LENGTH DATA ELEMENTS--GENERAL INFORMATION
fixed length control field 260514s2023 xx 000 0 und d
041 ## - LANGUAGE CODE
Language code of text/sound track or separate title eng
082 ## - DEWEY DECIMAL CLASSIFICATION NUMBER
Classification number 615.19/GUP
Item number M-3583
100 ## - MAIN ENTRY--PERSONAL NAME
Personal name PROF.M.K.GUPTA
245 ## - TITLE STATEMENT
Title QUALITY ASSURANCE AND QUALITY MANAGEMENT SYSTEM
260 ## - PUBLICATION, DISTRIBUTION, ETC.
Place of publication, distribution, etc. PUNE
Name of publisher, distributor, etc. NIRALI PRAKASHAN
Date of publication, distribution, etc. 2023
300 ## - PHYSICAL DESCRIPTION
Extent P.B.14.18
650 ## - SUBJECT ADDED ENTRY--TOPICAL TERM
Topical term or geographic name entry element QUALITY ASSURANCE AND QUALITY MANAGEMENT SYSTEM
700 ## - ADDED ENTRY--PERSONAL NAME
Personal name MS DEEPIKA BAIRAGEE
Holdings
Withdrawn status Lost status Damaged status Not for loan Home library Current library Date acquired Cost, normal purchase price Total Checkouts Full call number Barcode Date last seen Price effective from Koha item type
        College of Pharmacy, Kolhapur College of Pharmacy, Kolhapur 31/03/2025 290.00   615.19/GUP/M-3583 PCK-M-3583 14/05/2026 14/05/2026 Book